000 01687nam a2200205Ia 4500
999 _c8686
_d8686
005 20230807160634.0
008 230725s9999 xx 000 0 und d
020 _a9702407818
040 _aUPAN
_cBiblioteca San Vicente
_eRCAA2
041 _aspa
082 _a516.22
_bB353g
_c2006
100 _aBaldor J. Aurelio
_4aut.
245 0 _aGeometria Plana y del Espacio y Trigonometría/
_bAurelio J. Baldor
250 _a1º ed. 1º reimp.
260 _aMexico:
_bPatria,
_c2006
300 _a625 p.;
_bil.
_c24 cm.
505 _a1. Generalidades 2. Ángulos 3. Perpendicularidad y paralelismo 4. Ángulos con lados paralelos o perpendiculares 5. Triángulos y generalidades 6. Casos de igualdad de triángulos 7. Polígonos 8. Cuadriláteros 9. Segmentos proporcionales 10. Semejanza de triángulos 11. Relaciones métricas en los triángulos 12. Circunferencia y circulo 13. Ángulos en la circunferencia 14. Relaciones métricas en la circunferencia 15. Relaciones métricas en los polígonos regulares 16. Polígonos semejantes 17. Areas 18. Rectas y planos 19. Prismas y pirámides 20. Volúmenes de los poliedros 21. Cuerpos redondo 22. Trigonometría 23. Funciones trigonométricas de ángulos complementarios, suplementarios, etc 24. Relaciones entre las funciones trigonométricas, identidades y ecuaciones trigonométricas 25. Funciones trigonométricas de la suma y de la diferencia de dos ángulos 26. Funciones trigonométricas del ángulo duplo 27. Resolución de triángulos 28. Logaritmos. Logaritmos de las funciones trigonométricas 29. Aplicaciones de los logaritmos
650 _2LEMB
_aGeometría
_xTrigonometría
942 _cBK
_2ddc